| 000 | 01773nam a2200397 i 4500 | ||
|---|---|---|---|
| 001 | ebr10814476 | ||
| 003 | CaPaEBR | ||
| 006 | m o d | ||
| 007 | cr cn||||||||| | ||
| 008 | 131208s2013 enka obq 001 0 eng d | ||
| 020 | _a9780857723093 (e-book) | ||
| 020 | _z9781780762821 | ||
| 040 |
_aCaPaEBR _beng _erda _epn _cCaPaEBR |
||
| 035 | _a(OCoLC)868921906 | ||
| 050 | 1 | 4 |
_aPN1998.3.K5952 _bS65 2013eb |
| 082 | 0 | 4 |
_a791.4302/32092 _223 |
| 100 | 1 |
_aSpicer, Andrew, _d1953- |
|
| 245 | 1 | 4 |
_aThe man who got Carter : _bMichael Klinger, independent production and the British film industry, 1960-1980 / _cAndrew Spicer and A.T. McKenna. |
| 264 | 1 |
_aLondon : _bI.B. Tauris, _c2013. |
|
| 300 |
_a1 online resource (294 pages) : _billustrations. |
||
| 336 |
_atext _2rdacontent |
||
| 337 |
_acomputer _2rdamedia |
||
| 338 |
_aonline resource _2rdacarrier |
||
| 440 | 0 |
_aInternational library of the moving image ; _v7 |
|
| 504 | _aFilmography: pages 263-266. | ||
| 504 | _aIncludes bibliographical references (pages 249-262) and index. | ||
| 588 | _aDescription based on online resource; title from PDF title page (ebrary, viewed December 30, 2013). | ||
| 590 | _aElectronic reproduction. Palo Alto, Calif. : ebrary, 2014. Available via World Wide Web. Access may be limited to ebrary affiliated libraries. | ||
| 600 | 1 | 0 |
_aKlinger, Michael, _d1920-1989 _xCriticism and interpretation. |
| 650 | 0 |
_aMotion picture producers and directors _zGreat Britain _vBiography. |
|
| 650 | 0 |
_aMotion pictures _zGreat Britain _xHistory _y20th century. |
|
| 655 | 0 | _aElectronic books. | |
| 700 | 1 | _aMcKenna, A. T. | |
| 797 | 2 | _aebrary. | |
| 856 | 4 | 0 |
_uhttp://site.ebrary.com/lib/rucke/Doc?id=10814476 _zAn electronic book accessible through the World Wide Web; click to view |
| 999 |
_c81366 _d81366 |
||